[Event "American op 37th"]
[Site "Los Angeles"]
[Date "2001.11.25"]
[Round "8"]
[White "Gufeld, Eduard"]
[Black "Frankle, Jon"]
[Result "1/2-1/2"]
[WhiteElo "2466"]
[BlackElo "2251"]
[PlyCount "128"]
[EventDate "2001.11.22"]
[EventType "swiss"]
[EventRounds "8"]
[EventCountry "USA"]
[SourceTitle "CBM 085 Extra"]
[Source "ChessBase"]
[SourceDate "2002.01.21"]
[SourceVersion "1"]
[SourceVersionDate "2002.01.21"]
[SourceQuality "1"]

1. e4 c5 2. Nf3 Nc6 3. d4 cxd4 4. Nxd4 g6 5. c4 Nf6 6. Nc3 d6 7. Nc2 Bg7 8. Be2 Nd7 9. Nd5 Nc5 10. f3 0-0 11. 0-0 f5 12. exf5 Bxf5 13. Nce3 Bd7 14. Rb1 Nd4 15. Bd2 e6 16. Nc3 a5 17. Nc2 Nxe2+ 18. Qxe2 Bc6 19. Kh1 Be5 20. Ne3 h5 21. Be1 Qg5 22. Rd1 Rf7 23. Nb5 Bf4 24. Bf2 Bxb5 25. cxb5 Qe5 26. Qc2 Bxe3 27. Rfe1 Qf5 28. Qxf5 Rxf5 29. Bxe3 Rd8 30. g4 hxg4 31. fxg4 Rd5 32. Rxd5 exd5 33. Rd1 Re8 34. Bxc5 dxc5 35. Rxd5 Re1+ 36. Kg2 Re2+ 37. Kg3 Rxb2 38. a4 Rb4 39. Rxc5 Rxa4 40. Rc7 Rb4 41. Rxb7 g5 42. Kf3 a4 43. Ra7 Rxb5 44. Ke4 a3 45. Rxa3 Kg7 46. Rd3 Kf7 47. Rd5 Rb2 48. Kf5 Rxh2 49. Rd7+ Ke8 50. Rd6 Kf7 51. Kxg5 Rg2 52. Rd7+ Kg8 53. Kh5 Rg1 54. g5 Rb1 55. Kh6 Rb6+ 56. g6 Rb8 57. Rg7+ Kh8 58. Ra7 Kg8 59. Ra1 Rc8 60. Rf1 Kh8 61. Rf6 Ra8 62. g7+ Kg8 63. Rf8+ Rxf8 64. gxf8Q+ Kxf8 1/2-1/2

[Event "Continental op 45'"]
[Site "Los Angeles"]
[Date "2000.07.24"]
[Round "1"]
[White "Allen, David JC"]
[Black "Gufeld, Eduard"]
[Result "0-1"]
[WhiteElo "2250"]
[BlackElo "2443"]
[PlyCount "79"]
[EventDate "2000.07.24"]
[EventType "swiss"]
[EventRounds "9"]
[EventCountry "USA"]
[SourceTitle "EXT 2001"]
[Source "ChessBase"]
[SourceDate "2000.11.22"]
[SourceVersion "1"]
[SourceVersionDate "2000.11.22"]
[SourceQuality "1"]

1. e4 c5 2. c3 e6 3. Nf3 d5 4. e5 Nc6 5. Bd3 f6 6. Qe2 fxe5 7. Nxe5 Nxe5 8. Qxe5 Nf6 9. Bb5+ Kf7 10. 0-0 Bd6 11. Qe2 a6 12. Ba4 b5 13. Bc2 e5 14. d3 h6 15. h3 Re8 16. Nd2 Bf5 17. a4 Bc7 18. axb5 Qd6 19. b6 Bb8 20. f4 exf4 21. Qf2 g5 22. c4 Qxb6 23. cxd5 Be5 24. Nc4 Qc7 25. Nxe5+ Qxe5 26. Ra5 Nd7 27. Ba4 Qxd5 28. Bxd7 Bxd7 29. Rxc5 Qxd3 30. Rc3 Qe2 31. Qd4 Bb5 32. Rc7+ Ke6 33. Qb6+ Kf5 34. g4+ Ke4 35. Qg6+ Kd5 36. Qf7+ Kd6 37. Bxf4+ gxf4 38. Qxf4+ Re5 39. Qb4+ Kxc7 40. Rf7+ 0-1

[Event "Canadian op"]
[Site "Richmond"]
[Date "1999.07.10"]
[Round "8"]
[White "Gufeld, Eduard"]
[Black "Cummings, David H"]
[Result "1/2-1/2"]
[WhiteElo "2454"]
[BlackElo "2357"]
[PlyCount "64"]
[EventDate "1999.07.02"]
[EventType "swiss"]
[EventRounds "11"]
[EventCountry "CAN"]
[SourceTitle "EXT 2000"]
[Source "ChessBase"]
[SourceDate "1999.11.16"]
[SourceVersion "1"]
[SourceVersionDate "1999.11.16"]
[SourceQuality "1"]

1. g3 Nf6 2. Bg2 d5 3. d3 c6 4. Nd2 e5 5. e4 dxe4 6. dxe4 Bc5 7. Ngf3 Bg4 8. h3 Bh5 9. Qe2 Nbd7 10. 0-0 0-0 11. c3 a5 12. b3 Qc7 13. a3 Rfe8 14. Bb2 b5 15. b4 Bf8 16. Nb3 axb4 17. cxb4 Bxf3 18. Bxf3 c5 19. Qxb5 cxb4 20. Rfc1 Qb6 21. Qxb6 Nxb6 22. axb4 Rxa1 23. Bxa1 Bxb4 24. Rc7 Nbd7 25. Be2 Rb8 26. Bc4 Kf8 27. Kg2 Bd6 28. Ra7 Rc8 29. Bd3 Rc7 30. Ra6 Ke7 31. Bb2 Rb7 32. Ba3 Bxa3 1/2-1/2

[Event "US Open-100"]
[Site "Reno"]
[Date "1999.??.??"]
[Round "?"]
[White "Gufeld, Eduard"]
[Black "Miles, Anthony John"]
[Result "1/2-1/2"]
[WhiteElo "2463"]
[BlackElo "2609"]
[PlyCount "91"]
[EventDate "1999.08.10"]
[EventType "swiss"]
[EventRounds "9"]
[EventCountry "USA"]
[SourceTitle "EXT 2003"]
[Source "ChessBase"]
[SourceDate "2002.11.25"]
[SourceVersion "1"]
[SourceVersionDate "2002.11.25"]
[SourceQuality "1"]

1. e4 e5 2. Nf3 Nc6 3. Bb5 Nf6 4. 0-0 Nxe4 5. d4 Nd6 6. Bxc6 dxc6 7. dxe5 Nf5 8. Qxd8+ Kxd8 9. Nc3 Ke8 10. h3 a5 11. Bd2 Bb4 12. Rad1 Bxc3 13. Bxc3 c5 14. Rfe1 Ne7 15. Ng5 Nc6 16. e6 f6 17. Ne4 Ke7 18. Nxc5 b6 19. Nd3 Rd8 20. f4 g6 21. g4 Nd4 22. Kf2 Ba6 23. g5 fxg5 24. Ne5 Nxc2 25. Rxd8 Kxd8 26. Nc6+ Ke8 27. Rc1 Nb4 28. Bxb4 axb4 29. Nxb4 Bc8 30. Rxc7 Bxe6 31. fxg5 Ra5 32. h4 Bxa2 33. Rxh7 Kf8 34. Ke3 Bf7 35. Rh8+ Bg8 36. Nd3 Kg7 37. Rh6 Bf7 38. Kd4 Rd5+ 39. Ke4 Rb5 40. Ne5 Rb4+ 41. Kd3 Rxb2 42. Nxf7 Kxf7 43. h5 gxh5 44. Rxh5 Kg6 45. Rh1 Kxg5 46. Rf1 1/2-1/2

[Event "US Open-99"]
[Site "Kailua Kona"]
[Date "1998.08.05"]
[Round "5"]
[White "Gufeld, Eduard"]
[Black "Welling, Gerard J"]
[Result "1-0"]
[WhiteElo "2465"]
[BlackElo "2350"]
[PlyCount "67"]
[EventDate "1998.08.01"]
[EventType "swiss"]
[EventRounds "9"]
[EventCountry "USA"]
[SourceTitle "EXT 1999"]
[Source "ChessBase"]
[SourceDate "1998.11.16"]
[SourceVersion "1"]
[SourceVersionDate "1998.11.16"]
[SourceQuality "1"]

1. e4 Nc6 2. Nf3 e5 3. Bb5 Bc5 4. 0-0 Qf6 5. c3 Nge7 6. Re1 h6 7. d4 Bb6 8. Na3 0-0 9. Nc4 d6 10. Bxc6 Nxc6 11. d5 Ne7 12. a4 a6 13. Nxb6 cxb6 14. Be3 Bg4 15. Bxb6 Ng6 16. h3 Bxf3 17. Qxf3 Qxf3 18. gxf3 f5 19. c4 Rf6 20. Ra3 Nh4 21. Rd1 Rc8 22. c5 Kf7 23. Rc3 Ke8 24. c6 bxc6 25. dxc6 fxe4 26. fxe4 Nf3+ 27. Kf1 Ng5 28. Rc4 Nxh3 29. b4 g5 30. b5 axb5 31. axb5 g4 32. Be3 Nxf2 33. Bxf2 g3 34. Rc2 1-0

[Event "US Open-99"]
[Site "Kailua Kona"]
[Date "1998.08.02"]
[Round "2"]
[White "Gufeld, Eduard"]
[Black "Luchan, Jason"]
[Result "1-0"]
[WhiteElo "2465"]
[BlackElo "2120"]
[PlyCount "95"]
[EventDate "1998.08.01"]
[EventType "swiss"]
[EventRounds "9"]
[EventCountry "USA"]
[SourceTitle "EXT 1999"]
[Source "ChessBase"]
[SourceDate "1998.11.16"]
[SourceVersion "1"]
[SourceVersionDate "1998.11.16"]
[SourceQuality "1"]

1. g3 Nf6 2. Bg2 d5 3. d3 c6 4. Nd2 e5 5. e4 Bd6 6. Ngf3 0-0 7. 0-0 Re8 8. c3 Bg4 9. h3 Bh5 10. Re1 Nbd7 11. Qc2 Qc7 12. b3 Rad8 13. Bb2 Bf8 14. b4 a5 15. a3 c5 16. bxa5 dxe4 17. dxe4 Qxa5 18. Nc4 Qc7 19. a4 Bg6 20. Nh4 Nb6 21. Bf1 Re6 22. Nxg6 hxg6 23. Bc1 Nxc4 24. Bxc4 Red6 25. Bg5 b6 26. Qb3 R8d7 27. Bb5 Rd8 28. Bc4 R8d7 29. a5 bxa5 30. Qb5 Rb6 31. Qxa5 Qb7 32. Qa8 Qb8 33. Kg2 Qb7 34. Kf3 Nh7 35. Be3 Nf6 36. Bxc5 Nh7 37. Bxb6 Qxb6 38. Bd5 Ng5+ 39. Kg2 Qf6 40. Re3 Rd8 41. Qa6 Rd6 42. Qc8 Rd8 43. Qg4 Bc5 44. Re2 Qe7 45. Rea2 Qf6 46. h4 Nh7 47. Qf3 Qe7 48. Ra8 1-0

[Event "US Masters op"]
[Site "Hawaii"]
[Date "1998.07.29"]
[Round "9"]
[White "Gufeld, Eduard"]
[Black "Shtern, Igor"]
[Result "1-0"]
[WhiteElo "2465"]
[BlackElo "2265"]
[PlyCount "69"]
[EventDate "1998.07.??"]
[EventType "swiss"]
[EventRounds "9"]
[EventCountry "USA"]
[SourceTitle "EXT 1999"]
[Source "ChessBase"]
[SourceDate "1998.11.16"]
[SourceVersion "1"]
[SourceVersionDate "1998.11.16"]
[SourceQuality "1"]

1. g3 e5 2. Bg2 f5 3. c4 Nf6 4. Nc3 g6 5. d3 Bg7 6. Nf3 d6 7. 0-0 0-0 8. Rb1 a5 9. a3 h6 10. b4 axb4 11. axb4 Nc6 12. b5 Ne7 13. c5 Be6 14. Bb2 g5 15. b6 c6 16. cxd6 Qxd6 17. Nd2 Qd8 18. Na4 Nd7 19. Nc4 Nc8 20. Qc2 Ra6 21. Bc3 Bd5 22. e4 fxe4 23. Nc5 exd3 24. Bxd5+ cxd5 25. Qxd3 Ncxb6 26. Nxb7 Qa8 27. Nxb6 Nxb6 28. Nc5 Ra3 29. Rxb6 e4 30. Nxe4 dxe4 31. Qc4+ Rf7 32. Bxg7 Kxg7 33. Qe6 Kg8 34. Qxh6 Rg7 35. Rg6 1-0

[Event "Hawaii op"]
[Site "Honolulu"]
[Date "1997.??.??"]
[Round "?"]
[White "Gelman, Charles L"]
[Black "Gufeld, Eduard"]
[Result "1/2-1/2"]
[WhiteElo "2295"]
[BlackElo "2450"]
[PlyCount "44"]
[EventDate "1997.04.??"]
[EventType "swiss"]
[EventRounds "11"]
[EventCountry "USA"]
[SourceTitle "EXT 1998"]
[Source "ChessBase"]
[SourceDate "1997.11.17"]
[SourceVersion "1"]
[SourceVersionDate "1997.11.17"]
[SourceQuality "1"]

1. e4 c5 2. Nc3 Nc6 3. g3 g6 4. Bg2 Bg7 5. d3 d6 6. f4 e6 7. Nf3 Nge7 8. 0-0 0-0 9. Be3 Nd4 10. e5 Nef5 11. Bf2 Nxf3+ 12. Qxf3 Nd4 13. Qd1 dxe5 14. fxe5 Bxe5 15. Ne4 Nf5 16. c3 b6 17. Nf6+ Bxf6 18. Bxa8 Ba6 19. Be4 Nd6 20. Bf3 Nf5 21. Be4 Nd6 22. Bf3 Nf5 1/2-1/2

[Event "Hawaii op"]
[Site "Honolulu"]
[Date "1997.??.??"]
[Round "7"]
[White "Gufeld, Eduard"]
[Black "Stefanova, Antoaneta"]
[Result "0-1"]
[WhiteElo "2450"]
[BlackElo "2410"]
[PlyCount "120"]
[EventDate "1997.04.??"]
[EventType "swiss"]
[EventRounds "11"]
[EventCountry "USA"]
[SourceTitle "EXT 1998"]
[Source "ChessBase"]
[SourceDate "1997.11.17"]
[SourceVersion "1"]
[SourceVersionDate "1997.11.17"]
[SourceQuality "1"]

1. e4 d5 2. exd5 Qxd5 3. Nc3 Qa5 4. d4 Nf6 5. Nf3 Bg4 6. h3 Bh5 7. g4 Bg6 8. Ne5 c6 9. Nc4 Qc7 10. h4 Nd5 11. Nxd5 cxd5 12. Ne5 Bxc2 13. Bb5+ Nc6 14. Bxc6+ Qxc6 15. Qe2 Qa4 16. b3 Qb4+ 17. Bd2 Qb6 18. Rc1 Be4 19. f3 f6 20. fxe4 fxe5 21. exd5 exd4 22. Rf1 Qd6 23. Qe6 Qg3+ 24. Ke2 Rd8 25. Bg5 Qg2+ 26. Ke1 Qg3+ 27. Kd2 Qg2+ 28. Kd3 Qg3+ 29. Kxd4 Qd6 30. Qf7+ Kd7 31. Bf4 Qf6+ 32. Qxf6 gxf6 33. Rc7+ Ke8 34. Ke4 Rg8 35. g5 f5+ 36. Kxf5 Rxd5+ 37. Ke6 Rd8 38. Rxb7 Rg6+ 39. Kf5 a6 40. Rc1 Kf7 41. Rb8 Rxb8 42. Bxb8 Bg7 43. h5 Rb6 44. Bf4 Rb5+ 45. Ke4 Rb6 46. Kd5 Rb5+ 47. Ke4 Rb6 48. Bc7 Rb5 49. Kf4 h6 50. g6+ Ke8 51. Rd1 e6 52. Rd8+ Ke7 53. Rg8 Bc3 54. Bd8+ Kd7 55. Kg4 Rb8 56. Ba5 Rxg8 57. Bxc3 Ke7 58. Bd2 Rh8 59. Bxh6 Kf6 60. Bg5+ Kg7 0-1

[Event "Hawaii op"]
[Site "Honolulu"]
[Date "1996.??.??"]
[Round "5"]
[White "Benjamin, Joel"]
[Black "Gufeld, Eduard"]
[Result "1-0"]
[WhiteElo "2570"]
[BlackElo "2445"]
[PlyCount "81"]
[EventDate "1996.??.??"]
[EventType "swiss"]
[EventRounds "10"]
[EventCountry "USA"]
[SourceTitle "EXT 1999"]
[Source "ChessBase"]
[SourceDate "1998.11.16"]
[SourceVersion "1"]
[SourceVersionDate "1998.11.16"]
[SourceQuality "1"]

1. e4 c5 2. Nf3 d6 3. c3 Nf6 4. Be2 e6 5. d3 Be7 6. Nbd2 0-0 7. 0-0 Nc6 8. d4 cxd4 9. cxd4 Bd7 10. Re1 Rc8 11. a3 d5 12. e5 Ne4 13. Bd3 Nxd2 14. Bxd2 Qb6 15. Bc3 Na5 16. Nd2 Nc4 17. Nxc4 dxc4 18. Bc2 f5 19. exf6 Rxf6 20. Qg4 Rcf8 21. Re2 Rf4 22. Qh3 g6 23. Rae1 R4f7 24. Be4 Bd6 25. Qh6 Qc7 26. Bxg6 hxg6 27. d5 e5 28. Rxe5 Rh7 29. Qxg6+ Rg7 30. Qh6 Qb6 31. R5e3 Rff7 32. Bxg7 Rxg7 33. Re4 Bc5 34. Qxb6 axb6 35. Rxc4 Bh3 36. g3 Rf7 37. Re2 Rf5 38. Rh4 Rxd5 39. Rxh3 Rd1+ 40. Kg2 Kg7 41. Rh4 1-0

[Event "Tan Chin Nam Cup 2nd"]
[Site "Beijing"]
[Date "1996.??.??"]
[Round "2"]
[White "Gufeld, Eduard"]
[Black "Peng, Xiaomin"]
[Result "0-1"]
[WhiteElo "2445"]
[BlackElo "2490"]
[PlyCount "84"]
[EventDate "1996.08.??"]
[EventType "tourn"]
[EventRounds "9"]
[EventCountry "CHN"]
[EventCategory "10"]
[SourceTitle "CBM 055"]
[Source "ChessBase"]
[SourceDate "1996.12.01"]
[SourceVersion "1"]
[SourceVersionDate "1996.12.01"]
[SourceQuality "1"]

1. g3 Nf6 2. Bg2 g6 3. e4 d6 4. d4 Bg7 5. Nc3 0-0 6. Nge2 c6 7. 0-0 e5 8. h3 b5 9. a3 Bb7 10. Bg5 a6 11. Qd2 Nbd7 12. Rad1 Re8 13. Rfe1 Qe7 14. Bh6 Bxh6 15. Qxh6 Rad8 16. f4 Qf8 17. Qh4 h6 18. g4 exf4 19. g5 Nh7 20. gxh6 g5 21. Qf2 Qxh6 22. h4 f6 23. e5 dxe5 24. Ne4 Qf8 25. dxe5 Nxe5 26. Rxd8 Rxd8 27. Nxf4 gxf4 28. Qxf4 Kh8 29. h5 c5 30. h6 Bxe4 31. Rxe4 Rd1+ 32. Kf2 Qd6 33. Qf5 Qd2+ 34. Kg3 Qg5+ 35. Qxg5 Nxg5 36. Rf4 Rd6 37. b4 c4 38. c3 Kh7 39. Rd4 Rxd4 40. cxd4 c3 41. dxe5 c2 42. Be4+ Nxe4+ 0-1

[Event "Tan Chin Nam Cup 2nd"]
[Site "Beijing"]
[Date "1996.??.??"]
[Round "7"]
[White "Gufeld, Eduard"]
[Black "Stohl, Igor"]
[Result "1/2-1/2"]
[WhiteElo "2445"]
[BlackElo "2560"]
[PlyCount "31"]
[EventDate "1996.08.??"]
[EventType "tourn"]
[EventRounds "9"]
[EventCountry "CHN"]
[EventCategory "10"]
[SourceTitle "CBM 055"]
[Source "ChessBase"]
[SourceDate "1996.12.01"]
[SourceVersion "1"]
[SourceVersionDate "1996.12.01"]
[SourceQuality "1"]

1. e4 c5 2. Nf3 d6 3. Bb5+ Bd7 4. Bxd7+ Qxd7 5. 0-0 Nc6 6. c3 Nf6 7. Re1 e6 8. d4 cxd4 9. cxd4 d5 10. e5 Ne4 11. Nbd2 Nxd2 12. Bxd2 Be7 13. Bg5 Bxg5 14. Nxg5 h6 15. Nf3 0-0 16. Rc1 1/2-1/2

[Event "American op 10'"]
[Site "Los Angeles"]
[Date "1996.??.??"]
[Round "?"]
[White "Gufeld, Eduard"]
[Black "Strauss, David J"]
[Result "0-1"]
[WhiteElo "2445"]
[BlackElo "2425"]
[PlyCount "94"]
[EventDate "1996.??.??"]
[EventType "match (blitz)"]
[EventRounds "2"]
[EventCountry "USA"]
[SourceTitle "EXT 2001"]
[Source "ChessBase"]
[SourceDate "2000.11.22"]
[SourceVersion "1"]
[SourceVersionDate "2000.11.22"]
[SourceQuality "1"]

1. e4 d6 2. d4 Nf6 3. Nc3 e5 4. Nf3 Nbd7 5. Bc4 Be7 6. 0-0 0-0 7. Re1 c6 8. a4 b6 9. d5 Bb7 10. dxc6 Bxc6 11. Bg5 Rc8 12. Qd3 Nc5 13. Qe2 Nfxe4 14. Nxe4 Bxe4 15. Bxe7 Qxe7 16. a5 Bxf3 17. Qxf3 Ne6 18. axb6 axb6 19. Bd3 g6 20. Ra6 Qc7 21. Rea1 Nc5 22. Ra7 Qc6 23. Qxc6 Rxc6 24. b4 Nxd3 25. cxd3 d5 26. Re7 d4 27. Re1 f6 28. f4 Rf7 29. Rxf7 Kxf7 30. fxe5 Re6 31. Rc1 Rxe5 32. Rc4 Rd5 33. Kf2 Ke6 34. Rc7 h5 35. Kf3 Re5 36. Rc6+ Kf5 37. Rxb6 Re3+ 38. Kf2 Rxd3 39. g3 g5 40. b5 Rd2+ 41. Kg1 Rb2 42. h4 d3 43. Rd6 d2 44. Kf1 Ke4 45. Re6+ Kf3 46. Rxf6+ Kxg3 47. Ke2 Kxh4 0-1

[Event "National op 5'"]
[Site "Las Vegas"]
[Date "1996.??.??"]
[Round "?"]
[White "Gurevich, Dmitry"]
[Black "Gufeld, Eduard"]
[Result "1-0"]
[WhiteElo "2535"]
[BlackElo "2445"]
[PlyCount "85"]
[EventDate "1996.??.??"]
[EventType "swiss (blitz)"]
[EventRounds "9"]
[EventCountry "USA"]
[SourceTitle "EXT 2001"]
[Source "ChessBase"]
[SourceDate "2000.11.22"]
[SourceVersion "1"]
[SourceVersionDate "2000.11.22"]
[SourceQuality "1"]

1. d4 Nf6 2. c4 g6 3. Nc3 Bg7 4. e4 d6 5. Nf3 0-0 6. h3 e5 7. d5 Nh5 8. Be3 Na6 9. Nd2 c6 10. g3 cxd5 11. cxd5 Bd7 12. Be2 Nf6 13. a3 Rc8 14. Rc1 Kh8 15. Kf1 Ng8 16. g4 f5 17. gxf5 gxf5 18. exf5 Nh6 19. Bg4 Nxf5 20. Bxf5 Bxf5 21. Nde4 Nc5 22. Nxc5 dxc5 23. Qh5 Bg6 24. Qg4 b5 25. Rd1 b4 26. Ne4 Rf4 27. Bxf4 exf4 28. Qxf4 Bxb2 29. axb4 cxb4 30. Qd2 Bg7 31. Qxb4 Qh4 32. Qb7 Rf8 33. Rg1 Qxe4 34. Rg2 Bd4 35. Qb4 Rxf2+ 36. Rxf2 Qh1+ 37. Ke2 Bh5+ 38. Kd3 Qxd1+ 39. Ke4 Bg6+ 40. Kf4 Qc1+ 41. Rd2 Bc5 42. Qb8+ Kg7 43. Qe5+ 1-0

[Event "Tan Chin Nam Cup 2nd"]
[Site "Beijing"]
[Date "1996.??.??"]
[Round "3"]
[White "Liang, Jinrong"]
[Black "Gufeld, Eduard"]
[Result "1/2-1/2"]
[WhiteElo "2425"]
[BlackElo "2445"]
[PlyCount "110"]
[EventDate "1996.08.??"]
[EventType "tourn"]
[EventRounds "9"]
[EventCountry "CHN"]
[EventCategory "10"]
[SourceTitle "CBM 055"]
[Source "ChessBase"]
[SourceDate "1996.12.01"]
[SourceVersion "1"]
[SourceVersionDate "1996.12.01"]
[SourceQuality "1"]

1. e4 c5 2. Nf3 d6 3. d4 cxd4 4. Nxd4 Nf6 5. f3 e6 6. Be3 Nc6 7. Nc3 Be7 8. Qd2 0-0 9. 0-0-0 d5 10. exd5 Nxd5 11. Nxd5 Qxd5 12. Kb1 Nxd4 13. Qxd4 Qxd4 14. Bxd4 Rd8 15. Bb5 a6 16. Be2 b5 17. Bb6 Rxd1+ 18. Rxd1 Kf8 19. c4 bxc4 20. Bxc4 Ke8 21. Bd3 Bb7 22. Rc1 Bd6 23. Bc7 Kd7 24. Bxd6 Kxd6 25. Rc4 f5 26. Rd4+ Kc7 27. Kc2 g5 28. Rc4+ Kd6 29. Rd4+ Kc7 30. Rc4+ Kd6 31. Rd4+ Kc7 32. Kd2 a5 33. Bb5 Rd8 34. Rxd8 Kxd8 35. Ke3 Ke7 36. g3 e5 37. f4 Kf6 38. a3 h6 39. b4 axb4 40. axb4 exf4+ 41. gxf4 Ke6 42. Bd3 Bc8 43. b5 Kd5 44. b6 Kc6 45. fxg5 hxg5 46. Kd4 Kxb6 47. Ke5 f4 48. h4 gxh4 49. Kxf4 Kc5 50. Bf1 Kd4 51. Kg5 h3 52. Kh4 h2 53. Bg2 Ke3 54. Kg3 Be6 55. Kxh2 Kf2 1/2-1/2

[Event "Tan Chin Nam Cup 2nd"]
[Site "Beijing"]
[Date "1996.??.??"]
[Round "6"]
[White "Wang, Zili"]
[Black "Gufeld, Eduard"]
[Result "0-1"]
[WhiteElo "2535"]
[BlackElo "2445"]
[PlyCount "170"]
[EventDate "1996.08.??"]
[EventType "tourn"]
[EventRounds "9"]
[EventCountry "CHN"]
[EventCategory "10"]
[SourceTitle "CBM 055"]
[Source "ChessBase"]
[SourceDate "1996.12.01"]
[SourceVersion "1"]
[SourceVersionDate "1996.12.01"]
[SourceQuality "1"]

1. e4 c5 2. Nf3 Nc6 3. d4 cxd4 4. Nxd4 Qb6 5. Nb3 Nf6 6. Nc3 e6 7. Bd3 Be7 8. Be3 Qc7 9. f4 d6 10. 0-0 a6 11. a4 b6 12. Qf3 Bb7 13. Kh1 0-0 14. Qh3 Rad8 15. Rae1 Nb4 16. Nd4 d5 17. e5 Ne4 18. Bg1 Bc5 19. Rf3 Rfe8 20. Qh4 Nxd3 21. cxd3 Be7 22. Qg4 Nxc3 23. Rc1 f5 24. Qh5 Bc5 25. bxc3 Qf7 26. Qxf7+ Kxf7 27. Rb1 Rc8 28. Rff1 Bc6 29. Nxc6 Rxc6 30. Rb3 Rec8 31. Rc1 b5 32. axb5 axb5 33. Bxc5 Rxc5 34. d4 Rc4 35. Rxb5 Rxd4 36. Rb7+ Kg6 37. h3 Rxf4 38. Ra1 Re4 39. Raa7 Rg8 40. Kg1 Rxe5 41. Kf2 Re4 42. Re7 h6 43. Rac7 h5 44. Rc6 Kf6 45. Rd7 Re5 46. Rcc7 h4 47. Rf7+ Kg6 48. Rfd7 Re4 49. Rc6 Kg5 50. Re7 e5 51. Rd6 Ra8 52. Kf3 g6 53. Ree6 Rf4+ 54. Ke3 d4+ 55. Kd3 Re4 56. Rxg6+ Kf4 57. cxd4 Ra3+ 58. Kd2 exd4 59. Rh6 Kg3 60. Rh5 Kxg2 61. Rxf5 Rxh3 62. Rdf6 Ra3 63. Rf2+ Kg3 64. Rf1 Rg4 65. Rg1+ Kh3 66. Rh1+ Kg2 67. Rff1 Rgg3 68. Kc2 Ra2+ 69. Kb1 Rf2 70. Rd1 Rg4 71. Kc1 Kf3 72. Rh3+ Kg2 73. Rhh1 Rgf4 74. Rdg1+ Kf3 75. Re1 Kg4 76. Reg1+ Kf5 77. Rd1 Rg2 78. Rde1 d3 79. Re8 Rc4+ 80. Kd1 Kf6 81. Rf1+ Kg7 82. Re7+ Kg6 83. Re8 h3 84. Rg8+ Kh7 85. Rd8 Ra4 0-1